<?xml version="1.0" encoding="UTF-8"?>
<record
    xmlns:xsi="http://www.w3.org/2001/XMLSchema-instance"
    xsi:schemaLocation="http://www.loc.gov/MARC21/slim http://www.loc.gov/standards/marcxml/schema/MARC21slim.xsd"
    xmlns="http://www.loc.gov/MARC21/slim">

  <leader>00715nam a22002177a 4500</leader>
  <datafield tag="999" ind1=" " ind2=" ">
    <subfield code="c">7204</subfield>
    <subfield code="d">7204</subfield>
  </datafield>
  <controlfield tag="003">OSt</controlfield>
  <controlfield tag="005">20211014142832.0</controlfield>
  <controlfield tag="008">181204s2016    sp |||||r|||| ||1 e spa|d</controlfield>
  <datafield tag="020" ind1=" " ind2=" ">
    <subfield code="a">9788460880950</subfield>
  </datafield>
  <datafield tag="040" ind1=" " ind2=" ">
    <subfield code="a">ES-BaCBU</subfield>
    <subfield code="b">cat</subfield>
    <subfield code="c">CDMR</subfield>
  </datafield>
  <datafield tag="100" ind1="1" ind2=" ">
    <subfield code="a">Sanagust&#xED;n Fern&#xE1;ndez, Eva</subfield>
  </datafield>
  <datafield tag="245" ind1="1" ind2="0">
    <subfield code="a">Estrategia de contenidos </subfield>
    <subfield code="b">: t&#xE9;cnicas para que tu empresa crezca /</subfield>
    <subfield code="c">Eva Sanagust&#xED;n Fern&#xE1;ndez </subfield>
  </datafield>
  <datafield tag="260" ind1=" " ind2=" ">
    <subfield code="a">[Madrid] :</subfield>
    <subfield code="b">Amazon,</subfield>
    <subfield code="c">cop. 2016</subfield>
  </datafield>
  <datafield tag="300" ind1=" " ind2=" ">
    <subfield code="a">170 p. ;</subfield>
    <subfield code="c">23 cm</subfield>
  </datafield>
  <datafield tag="504" ind1=" " ind2=" ">
    <subfield code="a">Refer&#xE8;ncies bibliogr&#xE0;fiques. &#xCD;ndex</subfield>
  </datafield>
  <datafield tag="650" ind1="0" ind2="4">
    <subfield code="a">Comunicaci&#xF3; en m&#xE0;rqueting</subfield>
  </datafield>
  <datafield tag="650" ind1="0" ind2="0">
    <subfield code="a">Comunicaci&#xF3; en l'empresa</subfield>
    <subfield code="9">2798</subfield>
  </datafield>
  <datafield tag="650" ind1="0" ind2="0">
    <subfield code="a">M&#xE0;rqueting digital</subfield>
    <subfield code="9">4161</subfield>
  </datafield>
  <datafield tag="650" ind1="0" ind2="0">
    <subfield code="a">Planificaci&#xF3; estrat&#xE8;gica</subfield>
    <subfield code="9">4329</subfield>
  </datafield>
  <datafield tag="942" ind1=" " ind2=" ">
    <subfield code="c">MON</subfield>
    <subfield code="2">udc</subfield>
  </datafield>
  <datafield tag="952" ind1=" " ind2=" ">
    <subfield code="0">0</subfield>
    <subfield code="1">0</subfield>
    <subfield code="4">0</subfield>
    <subfield code="7">0</subfield>
    <subfield code="a">CDMR</subfield>
    <subfield code="b">CDMR</subfield>
    <subfield code="d">2018-12-04</subfield>
    <subfield code="e">Donaci&#xF3;</subfield>
    <subfield code="g">13.00</subfield>
    <subfield code="l">11</subfield>
    <subfield code="m">6</subfield>
    <subfield code="o">Cq /32</subfield>
    <subfield code="p">CDMR18120016</subfield>
    <subfield code="r">2023-10-11</subfield>
    <subfield code="s">2020-10-20</subfield>
    <subfield code="v">13.00</subfield>
    <subfield code="w">2018-12-04</subfield>
    <subfield code="y">MON</subfield>
  </datafield>
</record>
